The forest in the clouds / (Record no. 6615)

MARC details
000 -LEADER
fixed length control field 01078nam a22003017a 4500
001 - CONTROL NUMBER
control field 6615
003 - CONTROL NUMBER IDENTIFIER
control field FISKH
005 - DATE AND TIME OF LATEST TRANSACTION
control field 20250605090419.0
008 - FIXED-LENGTH DATA ELEMENTS--GENERAL INFORMATION
fixed length control field 250513b cb ||||| |||| 00| 0 eng d
020 ## - INTERNATIONAL STANDARD BOOK NUMBER
International Standard Book Number 9780881069860
040 ## - CATALOGING SOURCE
Original cataloging agency FISKH
Language of cataloging eng
Transcribing agency FISKH
Modifying agency FISKH
050 ## - LIBRARY OF CONGRESS CALL NUMBER
Classification number QH108.C6 C64
082 ## - DEWEY DECIMAL CLASSIFICATION NUMBER
Classification number 577.340972866
100 ## - MAIN ENTRY--PERSONAL NAME
Personal name B.Collard III, Sneed
Dates associated with a name (1959-)
245 ## - TITLE STATEMENT
Title The forest in the clouds /
Statement of responsibility, etc. By Sneed B.Collard III ; Illustrated by Michael Rothman
250 ## - EDITION STATEMENT
Edition statement This edition first published in 2000
260 ## - PUBLICATION, DISTRIBUTION, ETC.
Place of publication, distribution, etc. Watertown :
Name of publisher, distributor, etc. Charlesbridge,
Date of publication, distribution, etc. 2000
300 ## - PHYSICAL DESCRIPTION
Extent 29 unnumbered pages :
Other physical details color illustrations ;
Dimensions 22 x 29 cm
505 ## - FORMATTED CONTENTS NOTE
Formatted contents note J<br/>
520 ## - SUMMARY, ETC.
Summary, etc. Describes some of the exotic plants and animals that live in the cloud forest of Costa Rica, and discusses some environmental threats faced by this region.<br/>
521 8# - TARGET AUDIENCE NOTE
Target audience note 500 estimate <br/>
Source Lexile<br/>
521 8# - TARGET AUDIENCE NOTE
Target audience note J<br/>
Source Raz-Plus<br/>
650 ## - SUBJECT ADDED ENTRY--TOPICAL TERM
Source of heading or term Literary nonfiction
Topical term or geographic name entry element Context clues
650 ## - SUBJECT ADDED ENTRY--TOPICAL TERM
Source of heading or term Living things
Topical term or geographic name entry element Rainforest
700 ## - ADDED ENTRY--PERSONAL NAME
Personal name Rothman, Michael
Dates associated with a name illustrator
942 ## - ADDED ENTRY ELEMENTS (KOHA)
Source of classification or shelving scheme Dewey Decimal Classification
Koha item type Books
Suppress in OPAC No
Holdings
Withdrawn status Lost status Source of classification or shelving scheme Damaged status Not for loan Collection Home library Current library Shelving location Date acquired Total Checkouts Full call number Barcode Date last seen Date last checked out Copy number Price effective from Koha item type Date due
    Dewey Decimal Classification     Juvenile Fiction Footprints International School Library Network Toul Tom Poung Campus Footprints International School Library Network Toul Kork Campus TTP Primary Dark Blue Bookshelves 06/05/2025 1 COL 577.340972866 QH108.C6 C64 2025-1518 03/25/2026 03/25/2026 2 06/05/2025 Books 04/08/2026
    Dewey Decimal Classification     Juvenile Fiction Footprints International School Library Network Toul Tom Poung Campus Footprints International School Library Network Toul Tom Poung Campus TTP Primary Dark Blue Bookshelves 05/13/2025 1 COL 577.340972866 QH108.C6 C64 FISTK02430 10/31/2025 10/17/2025 1 05/13/2025 Books